| 000 | 00933cam a22002655a 4500 | ||
|---|---|---|---|
| 001 | 017587725 | ||
| 003 | OSt | ||
| 005 | 20160419142739.0 | ||
| 008 | 151012s2016 enka frb 000 0 eng d | ||
| 020 | _z9781138938847 | ||
| 040 |
_aStDuBDS _beng _cStDuBDS _dUk _dEG-ScBUE _epn |
||
| 082 | 0 | 4 |
_222 _a378 _bRES |
| 245 | 0 | 0 |
_aResearching higher education : _binternational perspectives on theory, policy and practice / _cedited by Jennifer M. Case, Jeroen Huisman. |
| 260 |
_aOxon ; _aNew York ; _bRoutledge / Taylor & Francis Group, _c2016. |
||
| 300 |
_axviii, 260 p. : _bill. ; _c23 cm. |
||
| 490 | 0 | _aResearch into higher education. | |
| 504 | _aIncludes bibliographical references. | ||
| 650 | 7 |
_aEducation, Higher. _2BUEsh _939864 |
|
| 651 | _2BUEsh | ||
| 653 |
_bNNUR _bGGEN _cApril2016 |
||
| 700 | 1 |
_aCase, Jennifer M., _eeditor. |
|
| 700 | 1 |
_aHuisman, Jeroen, _eeditor. |
|
| 776 | 0 | 8 |
_iPrint version : _z9781138938830 |
| 942 | _2ddc | ||
| 999 |
_c21659 _d21631 |
||